书目信息 |
| 题名: |
食品加工技术、工艺和配方大全续集2 下
|
|
| 作者: | 刘宝家 编 | |
| 分册: | ||
| 出版信息: | 北京 科学技术文献出版社 1995.11 |
|
| 页数: | 484页 | |
| 开本: | 26cm | |
| 丛书名: | ||
| 单 册: | ||
| 中图分类: | TS201.1 | |
| 科图分类: | ||
| 主题词: | 食品工业 | |
| 电子资源: | ||
| ISBN: | 7-5023-2485-2 | |
| 000 | 00642nam0 2200193 450 | |
| 001 | 0834999212 | |
| 005 | 20080918094710.69 | |
| 010 | @a7-5023-2485-2@dCNY27.70 | |
| 100 | @a20080918d1995 km y0chiy0120 ea | |
| 101 | 0 | @achi |
| 102 | @aCN@b110000 | |
| 200 | 1 | @a食品加工技术、工艺和配方大全续集2 下@Ashi pin jia gong ji shu、gong yi he pei fang da quan xu ji 2 xia@f刘宝家等编@Fliu bao jia deng bian |
| 210 | @a北京@c科学技术文献出版社@d1995.11 | |
| 215 | @a484页@d26cm | |
| 606 | 0 | @a食品工业 |
| 690 | @aTS201.1@v4 | |
| 701 | 0 | @a刘宝家@Aliu bao jia@4编 |
| 801 | 0 | @aCN@b大连网信软件有限公司图书馆·11@c20080918 |
| 905 | @aBZT@dTS201.1@e152-2-3 | |
| 食品加工技术、工艺和配方大全续集2 下/刘宝家等编.-北京:科学技术文献出版社,1995.11 |
| 484页;26cm |
| ISBN 7-5023-2485-2:CNY27.70 |
| ● |
| 相关链接 |
|
|
|
正题名:食品加工技术、工艺和配方大全续集2 下
索取号:TS201.1/152-2-3
 
预约/预借
| 序号 | 登录号 | 条形码 | 馆藏地/架位号 | 状态 | 备注 |
| 1 | 066347 | 200935346 | 中心书库中库/ 中库025架A面2列2层17/ [索取号:TS201.1/152-2-3] | 在馆 | |
| 2 | 066348 | 200935355 | 中心书库中库/ 中库025架A面2列2层18/ [索取号:TS201.1/152-2-3] | 在馆 | |
| 3 | 066349 | 200935104 | 中心书库中库/ 中库025架A面2列2层19/ [索取号:TS201.1/152-2-3] | 在馆 |